[Event "Glorney Cup"]
[Site "Cardiff"]
[Date "2022.07.20"]
[Round "3.2"]
[White "Xu, Edison"]
[Black "Collins, Adam"]
[Result "0-1"]
[WhiteElo "1838"]
[BlackElo "1981"]
[PlyCount "110"]
[EventDate "2022.07.19"]
[EventType "team-tourn"]
[EventRounds "6"]
[EventCountry "WLS"]
[SourceTitle "CBM 210 Extra"]
[Source "ChessBase"]
[SourceDate "2022.11.30"]
[SourceVersion "1"]
[SourceVersionDate "2022.11.30"]
[SourceQuality "1"]
[WhiteTeam "England"]
[BlackTeam "Ireland"]
[WhiteTeamCountry "ENG"]
[BlackTeamCountry "IRL"]

1. e4 e5 2. Nf3 Nc6 3. Bc4 Bc5 4. 0-0 Nf6 5. c3 Nxe4 6. d4 exd4 7. cxd4 d5 8. dxc5 dxc4 9. Qxd8+ Kxd8 10. Rd1+ Bd7 11. Be3 Kc8 12. Na3 c3 13. b4 a5 14. b5 Nb4 15. Ne5 Be6 16. f3 c2 17. Re1 Nc3 18. Bd2 Ncxa2 19. b6 Rd8 20. Bf4 Rd5 21. Nb5 Rxc5 22. Nxc7 Ra6 23. Nxa6 bxa6 24. Nxf7 Bxf7 25. b7+ Kxb7 26. Re7+ Kc6 27. Rxf7 c1Q+ 28. Bxc1 Rxc1+ 29. Rxc1+ Nxc1 30. Rxg7 a4 31. Rg4 Kb5 32. Rg5+ Kb6 33. Rg4 Ncd3 34. Rc4 a3 35. Rc3 a2 36. Ra3 Ne5 37. f4 Nc4 38. Ra4 Kb5 39. Rxa2 Nxa2 40. f5 Nc3 41. g4 a5 42. g5 a4 43. g6 hxg6 44. fxg6 Nd5 45. g7 Ne7 46. h4 a3 47. h5 Ng8 48. Kf2 a2 49. Kg3 a1Q 50. Kf4 Qxg7 51. Kf5 Qf6+ 52. Ke4 Qe5+ 53. Kd3 Qe3+ 54. Kc2 Qd2+ 55. Kb3 Qb2# 0-1

[Event "ENG-ch Schools Final"]
[Site "Staffordshire"]
[Date "2022.06.30"]
[Round "2.2"]
[White "Kesterson, Kennan"]
[Black "Xu, Edison"]
[Result "1-0"]
[WhiteElo "1841"]
[BlackElo "1838"]
[PlyCount "75"]
[EventDate "2022.06.30"]
[EventType "swiss"]
[EventRounds "5"]
[EventCountry "ENG"]
[SourceTitle "EXT 2023"]
[Source "ChessBase"]
[SourceDate "2022.10.05"]
[SourceVersion "1"]
[SourceVersionDate "2022.10.05"]
[SourceQuality "1"]

1. e4 d5 2. exd5 Nf6 3. d4 Bg4 4. Bb5+ Nbd7 5. Be2 Bxe2 6. Nxe2 Nxd5 7. c4 N5f6 8. Nbc3 e6 9. h3 Be7 10. Bf4 c5 11. d5 e5 12. Bh2 Bd6 13. 0-0 0-0 14. Qd2 Ne8 15. f4 f5 16. fxe5 Nxe5 17. b3 g6 18. Nb5 Nf6 19. Nf4 Re8 20. Ne6 Rxe6 21. dxe6 Nxc4 22. Qc3 Bxh2+ 23. Kxh2 Nd2 24. Rfe1 Qb8+ 25. Qe5 Nde4 26. Qxb8+ Rxb8 27. Rad1 Re8 28. Nc7 Re7 29. Nd5 Nxd5 30. Rxd5 Rxe6 31. Rd7 b6 32. Rxa7 Rd6 33. Re2 b5 34. Rc2 b4 35. g4 f4 36. Re2 Re6 37. Kg2 g5 38. Kf3 1-0

[Event "Paris ChessMates 3rd"]
[Site "Paris"]
[Date "2019.03.31"]
[Round "5.2"]
[White "Xu, Edison"]
[Black "Fischler, Oscar"]
[Result "1-0"]
[WhiteElo "1746"]
[BlackElo "1729"]
[PlyCount "105"]
[EventDate "2019.03.29"]
[EventType "team-tourn"]
[EventRounds "5"]
[EventCountry "FRA"]
[SourceTitle "CBM 189 Extra"]
[Source "ChessBase"]
[SourceDate "2019.06.03"]
[SourceVersion "1"]
[SourceVersionDate "2019.06.03"]
[SourceQuality "1"]
[WhiteTeam "England"]
[BlackTeam "Idf Team"]
[WhiteTeamCountry "ENG"]
[BlackTeamCountry "FRA"]

1. e4 c5 2. Nf3 e6 3. d4 cxd4 4. Nxd4 a6 5. c4 Nf6 6. Nc3 Qc7 7. a3 Nc6 8. Be3 b6 9. Be2 Bb7 10. f3 Ne5 11. Rc1 Rc8 12. 0-0 d6 13. b4 Be7 14. Nb3 0-0 15. Na4 Ned7 16. Qe1 Rb8 17. Qf2 Bc6 18. b5 Ba8 19. bxa6 Qa7 20. Nc3 Nc5 21. Nxc5 bxc5 22. Nb5 Qxa6 23. Rfd1 Rfd8 24. Rc3 Bxe4 25. fxe4 Nxe4 26. Qe1 Nxc3 27. Qxc3 Qb6 28. Bf4 Rbc8 29. Qg3 d5 30. Bc7 Rxc7 31. Qxc7 Qxc7 32. Nxc7 d4 33. Bd3 Rc8 34. Nb5 g6 35. Re1 Bg5 36. g4 Be3+ 37. Kg2 f5 38. a4 Rc6 39. a5 Kf7 40. Ra1 Ra6 41. Nc7 Ra7 42. a6 Bf4 43. Nb5 Ra8 44. a7 Ke7 45. Ra6 Kd7 46. Rb6 h6 47. Rb7+ Kc6 48. Re7 Bb8 49. Rxe6+ Kb7 50. axb8Q+ Rxb8 51. Rxg6 fxg4 52. Rxg4 Re8 53. Nd6+ 1-0

[Event "Midland-ch op Major"]
[Site "Telford"]
[Date "2018.08.10"]
[Round "1.7"]
[White "Ross, Stuart"]
[Black "Xu, Edison"]
[Result "0-1"]
[WhiteElo "1586"]
[BlackElo "1760"]
[PlyCount "58"]
[EventDate "2018.08.10"]
[EventType "swiss"]
[EventRounds "5"]
[EventCountry "ENG"]
[SourceTitle "EXT 2023"]
[Source "ChessBase"]
[SourceDate "2022.10.05"]
[SourceVersion "1"]
[SourceVersionDate "2022.10.05"]
[SourceQuality "1"]

1. e4 c5 2. Nf3 e6 3. d4 cxd4 4. Nxd4 Nf6 5. Nc3 Nc6 6. Nxc6 bxc6 7. Bd3 d5 8. e5 Nd7 9. Bf4 d4 10. Ne4 Nxe5 11. 0-0 Ng6 12. Bg3 f5 13. Qf3 Be7 14. Nd2 0-0 15. h3 f4 16. Bh2 Ne5 17. Bxh7+ Kxh7 18. Qh5+ Kg8 19. Qxe5 Bf6 20. Qe4 e5 21. Qxc6 Rb8 22. b3 Rb6 23. Qc4+ Kh8 24. Ne4 Ba6 25. Qa4 Bxf1 26. Kxf1 d3 27. cxd3 Qxd3+ 28. Kg1 Rd8 29. b4 Qxe4 0-1